অঙ্কের মজা / (Record no. 11206)
[ view plain ]
| 000 -LEADER | |
|---|---|
| fixed length control field | 00827nam a2200241 a 4500 |
| 001 - CONTROL NUMBER | |
| JCCL Control Number | 11206 |
| 003 - CONTROL NUMBER IDENTIFIER | |
| JCCL marc code | BD-JhCC |
| 005 - DATE AND TIME OF LATEST TRANSACTION | |
| control field | 20191212134008.0 |
| 008 - FIXED-LENGTH DATA ELEMENTS--GENERAL INFORMATION | |
| fixed length control field | 190606b20152017bg |||| ||a| 000 0 ben d |
| 020 ## - INTERNATIONAL STANDARD BOOK NUMBER | |
| International Standard Book Number | 9789848797273 |
| 035 ## - SYSTEM CONTROL NUMBER | |
| system control number | (BD-JhCC)11206 |
| 040 ## - CATALOGING SOURCE | |
| Original cataloging agency | BD-JhCC |
| Modifying agency | BD-JhCC |
| 041 ## - LANGUAGE CODE | |
| Language code of Book | ben |
| 082 ## - DEWEY DECIMAL CLASSIFICATION NUMBER | |
| Classification number | 510 |
| Author mark and Year | PER 2017 |
| 100 ## - MAIN ENTRY--PERSONAL NAME | |
| Personal name | পেরেলম্যান, ইয়া |
| 245 ## - TITLE STATEMENT | |
| Title | অঙ্কের মজা / |
| Statement of responsibility, etc | ইয়া পেরেলম্যান, রবীন্দ্র মজুমদার (অনু) |
| 260 ## - PUBLICATION, DISTRIBUTION, ETC. (IMPRINT) | |
| Place of publication, distribution, etc | ঢাকা: |
| Name of publisher, distributor, etc | অবসর প্রকাশনী; |
| Date of publication, distribution, etc | ২০১৭. |
| 300 ## - PHYSICAL DESCRIPTION | |
| Pagination | ১৪২ পৃ. : |
| Dimensions | ২২ সেমি. |
| 650 ## - SUBJECT ADDED ENTRY--TOPICAL TERM | |
| Topical term or geographic name as entry element | Mathematics |
| 700 ## - ADDED ENTRY--PERSONAL NAME | |
| Personal name | মজুমদার, রবীন্দ্র |
| 942 ## - ADDED ENTRY ELEMENTS (KOHA) | |
| Source of classification or shelving scheme | Dewey Decimal Classification |
| Koha item type | Books |
| Koha issues (borrowed), all copies | 2 |
| Source of classification or shelving scheme | Damaged status | Not for loan | Home library | Current library | Shelving location | Date of accession | Cost, normal purchase price | Total Checkouts | Full call number | Barcode | Date last seen | Date checked out | Copy number | Koha item type |
|---|---|---|---|---|---|---|---|---|---|---|---|---|---|---|
| Dewey Decimal Classification | JCC Rouf Library | JCC Rouf Library | General Stacks | 06/06/2019 | 112.00 | 4 | 510 PER 2017 | 15281 | 01/16/2025 | 12/11/2024 | C-1 | Books |